000
00241nam a2200097Ia 4500
008
230508s1977 xx 000 0 und d
041
_a
eng
100
_a
S C MUELD.
245
_a
TECHNOLOGY FOR MOTOR MECHANIC.
260
_b
EDWARD ARNOLD.
_c
1977
999
_c
724208
_d
724208